000
00318 a2200157 4500
001
164554
020
_a
040
_c
Magnum
100
_a
Palombo, Antônio Sérgio
240
1
0
_a
Os sonhos de bob
_l
por
245
1
0
_a
Os sonhos de bob
362
0
_a
1899
440
1
_a
Modelo
697
_a
IJ/GERAL
942
_c
BK
999
_c
164554
_d
164554